Statistics for 2022 FIFA World Cup Results

Click here to take the quiz!

General Stats

  • This quiz has been taken 776 times
  • The average score is 27 of 32

Answer Stats

Teams% Correct
Argentina
95%
France
95%
England
93%
Netherlands
92%
Spain
91%
United States
91%
Germany
90%
Morocco
90%
Brazil
89%
Croatia
89%
Japan
89%
Portugal
89%
Mexico
88%
Qatar
87%
Poland
84%
Saudi Arabia
84%
Senegal
84%
South Korea
84%
Australia
83%
Iran
83%
Wales
83%
Belgium
81%
Canada
80%
Ecuador
79%
Denmark
78%
Switzerland
76%
Uruguay
76%
Cameroon
74%
Costa Rica
73%
Ghana
73%
Tunisia
71%
Serbia
70%

Score Distribution

Percentile by Number Answered

Percent of People with Each Score

Your Score History

You have not taken this quiz